Williams v Jones and another (Record no. 71446)

MARC details
000 -LEADER
fixed length control field 01374cam a2200229 4500
001 - CONTROL NUMBER
control field ABS66069
008 - FIXED-LENGTH DATA ELEMENTS--GENERAL INFORMATION
fixed length control field 021025n2002 000 0 eng u
035 ## - SYSTEM CONTROL NUMBER
System control number (Sirsi) u120262
245 ## - TITLE STATEMENT
Title Williams v Jones and another
260 ## - PUBLICATION, DISTRIBUTION, ETC.
Date of publication, distribution, etc. 2002
490 ## - SERIES STATEMENT
Series statement Estates Gazette
Volume/sequential designation [2002] 40 EG 169-173(5)
490 ## - SERIES STATEMENT
Series statement Court of Appeal (Civil Division)
Volume/sequential designation [2002] EWCA Civ 1097
520 ## - SUMMARY, ETC.
Summary, etc. CA 10 July 2002. The respondent (J) was the tenant of some rough grazing land. He paid rent until 1973, after which he remained on the land without paying rent. Initially this was with the agreement of M, the agent for the then freeholder, on that basis that he would provide caretaking services for another property. The freehold title passed to Mr and Mrs Darlington. During their period of ownership, J paid no rent and was not expected to carry out caretaking services. In 1992 the land passed to the appellant W. J claimed title to the land by way of adverse possession. The claim was allowed. W appealed. "Held", the appeal was allowed.
590 ## - LOCAL NOTE (RLIN)
Local note ABS
650 ## - SUBJECT ADDED ENTRY--TOPICAL TERM
Topical term or geographic name entry element ADVERSE POSSESSION
650 ## - SUBJECT ADDED ENTRY--TOPICAL TERM
Topical term or geographic name entry element LIMITATION ACT 1980
650 ## - SUBJECT ADDED ENTRY--TOPICAL TERM
Topical term or geographic name entry element WILLIAMS V JONES AND ANOTHER
650 ## - SUBJECT ADDED ENTRY--TOPICAL TERM
Topical term or geographic name entry element POWELL V MCFARLANE
650 ## - SUBJECT ADDED ENTRY--TOPICAL TERM
Topical term or geographic name entry element PROPERTY-RURAL AND NATURAL ASSETS-AGRICULTURAL PROPERTY-AGRICULTURAL LAND-GRAZING LAND
690 ## - LOCAL SUBJECT ADDED ENTRY--TOPICAL TERM (OCLC, RLIN)
Topical term or geographic name as entry element LANDLORD AND TENANT-AGRICULTURAL TENANCIES-CASE LAW
942 ## - ADDED ENTRY ELEMENTS (KOHA)
Suppress in OPAC 0
Holdings
Withdrawn status Lost status Source of classification or shelving scheme Damaged status Not for loan Home library Current library Shelving location Date acquired Total Checkouts Full call number Barcode Date last seen Copy number Price effective from Koha item type
    Dewey Decimal Classification     London London Journal article 25/10/2002   ABS66069 120262-1001 06/08/2019 1 06/08/2019 Law report